Taylor Swift - mad woman Lyrics - Statistics

General Stats
  • This quiz has been taken 178 times
  • The average score is 277 of 314
Answer Stats
Answer % Correct
you
100%
You
100%
a
99%
and
99%
And
99%
I
99%
like
99%
mad
99%
What
99%
woman
99%
women
99%
do
97%
Do
97%
likes
97%
me
97%
No
97%
on
97%
on"
97%
one
97%
say
97%
that?
97%
that
97%
to
97%
shame
96%
she
96%
She
96%
the
96%
The
96%
went
96%
when
96%
your
96%
Every
93%
her
93%
I'd
93%
made
93%
think
93%
time
93%
about
92%
did
92%
get
92%
more
92%
too
92%
for
90%
angry
89%
be
89%
my
89%
My
89%
nothing
89%
see
89%
there's
89%
but
87%
know
87%
call
86%
crazy
86%
Does
86%
does
86%
out
85%
seem
85%
will
85%
back?
83%
'Cause
83%
They
83%
come
82%
Has
82%
has
82%
Or
82%
witches
82%
home?
80%
hunting
80%
scorpion
80%
something
80%
you'll
80%
around
79%
from
79%
"Fuck
79%
I'm
79%
smile?
79%
took
79%
won't
79%
Doing
77%
drive
77%
everything
77%
fighting
77%
find
77%
It's
77%
together
77%
work
77%
dead
76%
forever"?
76%
mouth
76%
Over
76%
should
76%
'til
76%
wrap
76%
bear
75%
dirtiest
75%
in
75%
people
75%
taking
75%
two
75%
Watching
75%
watching
75%
brought
73%
face
73%
"move
73%
of
73%
really
73%
sting
73%
claws
70%
climb
70%
kill
70%
wanting
70%
poke
69%
Good
68%
lawn?
68%
master
68%
strike
66%
couple
63%
noose
63%
spin
63%
all
62%
always
62%
Now
62%
side
61%
sing
61%
wives
61%
at
59%
obvious
59%
neighbor's
56%
each
55%
flames
55%
talk
55%
breathe
52%
scathing
51%
yacht
48%
flings
46%
cannons
42%
firin'
41%
No matching quizzes found
Score Distribution
Percent of People with Each Score
Percentile by Number Answered
Your Score History
You have not taken this quiz